| 000 | 00606nam a2200205 a 4500 | ||
|---|---|---|---|
| 001 | 1828 | ||
| 003 | CO-ViMGA | ||
| 008 | 141112s2004 ck r 000 u spa d | ||
| 040 |
_aCO-ViMGA _bspa _cCO-ViMGA |
||
| 082 | 0 | 4 | _a797.21 M373e |
| 100 | 1 |
_aMeredith, Susan _950356 |
|
| 245 | 1 | 0 |
_aComo enseñar a nadar a su hijo / _cMaredith Susan , Hicks Carol , Stephens Jackie |
| 260 |
_aBuenos Aires : _bLumen, _c1991 |
||
| 300 | _a64 p : il | ||
| 490 | _aGuía para padres | ||
| 650 | 1 | 4 |
_aHicks, Carol _950357 |
| 650 | 1 | 4 |
_aNATACION - ENSEÑANZA _950358 |
| 650 | 1 | 4 |
_aStephens, Jackie _950359 |
| 942 |
_2ddc _cBK |
||
| 999 |
_c13983 _d13983 |
||